| 000 | 07800cam a22020174i 4500 | ||
|---|---|---|---|
| 003 | PE-LiUPU | ||
| 005 | 20250813165849.0 | ||
| 008 | 150706s2011 sp a rb 000 0 spa d | ||
| 020 | _a9788480867283 | ||
| 035 | _a(Sirsi) i9788480867283 | ||
| 040 |
_aPE-LiUPU _bspa _cPE-LiUPU _erda |
||
| 049 | _aPRUA | ||
| 082 | 0 | 4 |
_a616.024 _bM26 _221 |
| 100 | 1 |
_aMartín Zurro, Amando, _eautor. |
|
| 245 | 1 | 0 |
_aAtención familiar y salud comunitaria : _bconceptos y materiales para docentes y estudiantes / _cAmando Martín Zurro, Gloria Jodar Solà ; comité editorial, Josep Maria Bosch Fontcuberta, Juan Carlos Contel Segura, Jordi Galimany Masclans . [et al.]. |
| 264 | 1 |
_aBarcelona : _bElsevier, _c2011. |
|
| 300 |
_a455 páginas : _bilustraciones ; _c27 centímetros |
||
| 336 |
_atext _2rdacontent |
||
| 337 |
_aunmediated _2rdamedia |
||
| 338 |
_avolume _2rdacarrier |
||
| 504 | _aBibliografía al final de cada capítulo. | ||
| 505 | 0 | _aAtención primaria de salud y atención familiar y comunitaria -- Salud y comunidad -- Enfoque personal y familiar en atención primaria de salud -- Ciudadanos y pacientes -- Promoción de la salud y prevención de la enfermedad. Conceptos esenciales -- Salud comunitaria y atención primaria orientada a la comunidad -- Determinantes sociales de la salud y su influencia en la atención sanitaria -- Intersectorialidad y transversalidad de la atención de la salud -- Organización de la atención familiar y comunitaria -- Centro y equipo de salud -- Profesionales de atención familiar y comunitaria: competencias, tareas y relación con otros profesionales -- Estrategias y herramientas en atención familiar y salud comunitaria -- Análisis de la situación y necesidades de salud de la población -- Entrevista clínica y relación asistencial -- Estrategias y herramientas de promoción de la salud -- Técnicas y procedimientos para el diagnóstico y el tratamiento -- Las tecnologías de la información y de la comunicación en salud -- Atención clínica y comunitaria -- Prevención de los principales problemas de salud -- Atención clínica personal: problemas de salud de larga duración o crónicos -- La atención a personas con enfermedades crónicas complejas y frágiles -- Intervención sobre los problemas de salud desde la perspectiva familiar -- Programas de salud comunitaria -- Instrumentos para el desarrollo profesional -- Atención familiar y comunitaria basada en las pruebas científicas -- Formación y docencia en atención familiar y salud comunitaria -- Investigación en atención familiar y comunitaria -- Mejora continua de la calidad y la seguridad de salud. | |
| 526 | _aP203 | ||
| 526 | _aP200 | ||
| 526 | _aSEG65 | ||
| 526 | _aSEG64 | ||
| 526 | _aSEG63 | ||
| 526 | _aSEG62 | ||
| 526 | _aSEG61 | ||
| 526 | _aSEG60 | ||
| 526 | _aSEG59 | ||
| 526 | _aSEG58 | ||
| 526 | _aSEG57 | ||
| 526 | _aSEG56 | ||
| 526 | _aSEG55 | ||
| 526 | _aSEG54 | ||
| 526 | _aSEG53 | ||
| 526 | _aSEG52 | ||
| 526 | _aSEG51 | ||
| 526 | _aSEG50 | ||
| 526 | _aSEG49 | ||
| 526 | _aSEG48 | ||
| 526 | _aSEG47 | ||
| 526 | _aSEG46 | ||
| 526 | _aSEG24 | ||
| 526 | _aSEG23 | ||
| 526 | _aSEG22 | ||
| 526 | _aSEG21 | ||
| 526 | _aSEG20 | ||
| 526 | _aSEG19 | ||
| 526 | _aSEG18 | ||
| 526 | _aSEG17 | ||
| 526 | _aSEG16 | ||
| 526 | _aSEG14 | ||
| 526 | _aSEG13 | ||
| 526 | _aSEG12 | ||
| 526 | _aSEG11 | ||
| 526 | _aSEG10 | ||
| 526 | _aSEG09 | ||
| 526 | _aSEG06 | ||
| 526 | _aSEG05 | ||
| 526 | _aSEG04 | ||
| 526 | _aSEG03 | ||
| 526 | _aSEG02 | ||
| 526 | _aSEG68 | ||
| 526 | _aSEG66 | ||
| 526 | _aSEG45 | ||
| 526 | _aSEG25 | ||
| 526 | _aSEG01 | ||
| 526 | _aP163 | ||
| 526 | _aP162 | ||
| 526 | _aP161 | ||
| 526 | _aP160 | ||
| 526 | _aP159 | ||
| 526 | _aP158 | ||
| 526 | _aP157 | ||
| 526 | _aP156 | ||
| 526 | _aP155 | ||
| 526 | _aP154 | ||
| 526 | _aP153 | ||
| 526 | _aP152 | ||
| 526 | _aP151 | ||
| 526 | _aP150 | ||
| 526 | _aP149 | ||
| 526 | _aP142 | ||
| 526 | _aP141 | ||
| 526 | _aP140 | ||
| 526 | _aP139 | ||
| 526 | _aP138 | ||
| 526 | _aP137 | ||
| 526 | _aP132 | ||
| 526 | _aP131 | ||
| 526 | _aP130 | ||
| 526 | _aP126 | ||
| 526 | _aP125 | ||
| 526 | _aP124 | ||
| 526 | _aP123 | ||
| 526 | _aP115 | ||
| 526 | _aP122 | ||
| 526 | _aP121 | ||
| 526 | _aP116 | ||
| 526 | _a P114 | ||
| 526 | _aP112 | ||
| 526 | _aP111 | ||
| 526 | _aP104 | ||
| 526 | _aP103 | ||
| 526 | _aP102 | ||
| 526 | _aP101 | ||
| 526 | _aP100 | ||
| 526 | _aP96 | ||
| 526 | _aP95 | ||
| 526 | _aP93 | ||
| 526 | _aP92 | ||
| 526 | _aP91 | ||
| 526 | _aP88 | ||
| 526 | _aP83 | ||
| 526 | _aP82 | ||
| 526 | _aP79 | ||
| 526 | _aP78 | ||
| 526 | _aP75 | ||
| 526 | _aP74 | ||
| 526 | _aP71 | ||
| 526 | _aP69 | ||
| 526 | _a P51 | ||
| 526 | _aP49 | ||
| 526 | _aP48 | ||
| 526 | _aP47 | ||
| 526 | _aP33 | ||
| 526 | _aP31 | ||
| 526 | _a P30 | ||
| 526 | _aP29 | ||
| 526 | _aP27 | ||
| 526 | _aP26 | ||
| 526 | _aP25 | ||
| 526 | _aP24 | ||
| 526 | _a P22 | ||
| 526 | _aP10 | ||
| 526 | _aP09 | ||
| 526 | _a P08 | ||
| 526 | _aP06 | ||
| 526 | _aP05 | ||
| 526 | _aP04 | ||
| 526 | _aP01 | ||
| 541 | _g001-000032; | ||
| 541 | _g001-000032; | ||
| 541 | _g001-000048; | ||
| 541 | _g001-000072; | ||
| 541 | _g001-000090; | ||
| 541 | _g001-000507; | ||
| 650 | 1 | 4 |
_aSalud pública _xEstudio y enseñanza. |
| 650 | 2 | 4 |
_aMedicina Familiar _xEstudio y enseñanza. |
| 650 | 2 | 4 | _aAtención primaria (Medicina). |
| 650 | 2 | 4 | _aEnfermería en salud comunitaria. |
| 650 | 2 | 4 | _aEducación para la salud. |
| 700 | 1 |
_aJodar Solà, Gloria, _eautor. |
|
| 910 |
_bjv _cng _d20120621 |
||
| 942 |
_2ddc _cBOOK |
||
| 949 |
_a616.024 A48 _wDEWEY _c1 _i65064 _lCCODEBUL1 _mBUL _p65.00 _r0 _sY _tBOOK _u2015-7-6 _xSALUD _PP22 _o.STAFF. Colección General |
||
| 949 |
_a616.024 A48 _wDEWEY _c2 _i65065 _lCCODEBUL1 _mBUL _p65.00 _r0 _sY _tBOOK _u2015-7-6 _xSALUD _PP22 _o.STAFF. Colección General |
||
| 949 |
_a616.024 A48 _wDEWEY _c3 _i65275 _lCCODEBUL1 _mBUL _p74.00 _r0 _sY _tBOOK _u2015-7-6 _xSALUD _PP31 _o.STAFF. Colección General |
||
| 949 |
_a616.024 A48 _wDEWEY _c4 _i66159 _lCCODEBUL1 _mBUL _p95.00 _r0 _sY _tBOOK _u2015-7-6 _xSALUD _PP22 _o.STAFF. Colección General |
||
| 949 |
_a616.024 A48 _wDEWEY _c5 _i67109 _lCCODEBUL1 _mBUL _p76.00 _r0 _sY _tBOOK _u2015-7-6 _xSALUD _PP22 _o.STAFF. Colección General |
||
| 994 |
_aC0 _bPEPRU |
||
| 596 | _a1 | ||
| 999 |
_a616.024 M26 2011 _wDEWEY _c53743 _i65064 _d53743 _e2018-8-13 _f2021-11-4 _g5 _lCCODEBUL1 _mBUL _n5 _p65.00 _r0 _sY _tBOOK _u2015-7-6 _xSALUD _PP22 _0COMPRA _o.STAFF. Colección Ciencias de la Salud |
||
| 999 |
_a616.024 M26 2011 _wDEWEY _c2 _i65065 _f2021-11-4 _g5 _lCCODEBUL1 _mBUL _p65.00 _r0 _sY _tBOOK _u2015-7-6 _xSALUD _PP22 _0COMPRA _o.STAFF. Colección General |
||
| 999 |
_a616.024 M26 2011 _wDEWEY _c3 _i65275 _f2021-11-4 _g5 _lCCODEBUL1 _mBUL _p74.00 _r0 _sY _tBOOK _u2015-7-6 _xSALUD _PP31 _0COMPRA _o.STAFF. Colección General |
||
| 999 |
_a616.024 M26 2011 _wDEWEY _c4 _i66159 _f2021-11-4 _g5 _lCCODEBUL1 _mBUL _p95.00 _r0 _sY _tBOOK _u2015-7-6 _xSALUD _PP22 _0COMPRA _o.STAFF. Colección General |
||
| 999 |
_a616.024 M26 2011 _wDEWEY _c5 _i67109 _f2021-11-4 _g5 _lCCODEBUL1 _mBUL _p76.00 _r0 _sY _tBOOK _u2015-7-6 _xSALUD _PP22 _0COMPRA _o.STAFF. Colección General |
||
| 999 |
_a616.024 M26 2011 _wDEWEY _c6 _i74191 _f2021-11-4 _g5 _lCCODEBUL1 _mBUL _p43.64 _r0 _sY _tBOOK _u2016-7-22 _xSALUD _PP22 _0COMPRA _o.STAFF. Colección General |
||
| 980 |
_81 _gALBERTO SANCHEZ Responsable de Automatización |
||